| Tag |
First Indicator |
Second Indicator |
Subfields |
| LEADER |
00000cam a2200000 a 4500 |
| 001 |
in00002784033 |
| 005 |
20151202172127.0 |
| 008 |
971216s1998 caua 001 0 eng |
| 010 |
|
|
|a 97052607
|
| 015 |
|
|
|a GB99-07590
|
| 020 |
|
|
|a 0062515136 (cloth)
|
| 020 |
|
|
|a 9780062515131 (cloth)
|
| 020 |
|
|
|a 0062515144 (pbk.)
|
| 020 |
|
|
|a 9780062515148 (pbk.)
|
| 035 |
|
|
|a (OCoLC)ocm38126039
|
| 040 |
|
|
|a DLC
|b eng
|c DLC
|d UKM
|d BAKER
|d BTCTA
|d YDXCP
|d OCLCG
|d UtOrBLW
|
| 043 |
|
|
|a n------
|
| 049 |
|
|
|a TXAM
|
| 050 |
0 |
0 |
|a BL624
|b .S226 1998
|
| 082 |
0 |
0 |
|a 299/.74
|2 21
|
| 100 |
1 |
|
|a Sams, Jamie,
|d 1951-
|
| 245 |
1 |
0 |
|a Dancing the dream :
|b the seven sacred paths of human transformation /
|c Jamie Sams.
|
| 250 |
|
|
|a 1st ed.
|
| 264 |
|
1 |
|a [San Francisco, Calif.] :
|b HarperSanFrancisco,
|c [1998]
|
| 264 |
|
4 |
|c ©1998
|
| 300 |
|
|
|a xii, 274 pages :
|b illustrations ;
|c 25 cm.
|
| 336 |
|
|
|a text
|b txt
|2 rdacontent
|
| 337 |
|
|
|a unmediated
|b n
|2 rdamedia
|
| 338 |
|
|
|a volume
|b nc
|2 rdacarrier
|
| 500 |
|
|
|a "A tree clause book."
|
| 500 |
|
|
|a Includes index.
|
| 650 |
|
0 |
|a Spiritual life.
|
| 650 |
|
0 |
|a Dreams.
|
| 650 |
|
0 |
|a Self-realization
|x Religious aspects
|v Miscellanea.
|
| 650 |
|
0 |
|a Indians of North America
|x Religion
|v Miscellanea.
|
| 650 |
|
0 |
|a Medicine wheels.
|
| 650 |
|
0 |
|a Conduct of life.
|
| 650 |
|
0 |
|a Success.
|
| 650 |
|
4 |
|a Self-realization
|x Religious aspects.
|
| 856 |
4 |
2 |
|3 Publisher description
|u http://catdir.loc.gov/catdir/description/hc043/97052607.html
|t 0
|
| 948 |
|
|
|a cataloged
|b h
|c 2013/1/3
|d c
|e ceaton
|f 11:27:44 am
|
| 994 |
|
|
|a C0
|b TXA
|
| 999 |
|
|
|a MARS
|
| 999 |
f |
f |
|s 876db752-a940-3067-bbab-9c15eb0f5227
|i d4f1476e-eec0-3020-8273-ecf3dcb910ef
|t 0
|
| 952 |
f |
f |
|p normal
|a Texas A&M University
|b College Station
|c Sterling C. Evans Library
|d Evans: Library Stacks
|t 0
|e BL624 .S226 1998
|h Library of Congress classification
|i unmediated -- volume
|m A14841624454
|
| 998 |
f |
f |
|a BL624 .S226 1998
|t 0
|l Evans: Library Stacks
|